Le musée Balzac – Château de Saché les collections permanentes à l’honneur (notice n° 1597458)

détails MARC
000 -LEADER
fixed length control field 02038cam a2200169 4500500
005 - DATE AND TIME OF LATEST TRANSACTION
control field 20251228074309.0
041 ## - LANGUAGE CODE
Language code of text/sound track or separate title fre
042 ## - AUTHENTICATION CODE
Authentication code dc
100 10 - MAIN ENTRY--PERSONAL NAME
Personal name Lamy, Isabelle
Relator term author
245 00 - TITLE STATEMENT
Title Le musée Balzac – Château de Saché les collections permanentes à l’honneur
260 ## - PUBLICATION, DISTRIBUTION, ETC.
Date of publication, distribution, etc. 2018.<br/>
500 ## - GENERAL NOTE
General note 51
520 ## - SUMMARY, ETC.
Summary, etc. Grande lectrice, Françoise Sagan a souvent revendiqué ses affinités électives, notamment pour Racine, Stendhal ou Proust. Il est plus étonnant de constater des ponts entre son œuvre, jugée mineure, et La Comédie humaine. La romancière développe pourtant plusieurs techniques et thèmes balzaciens comme le cycle romanesque, le chronotope du salon ou l’initiation désenchantée au théâtre du monde. L’étude comparative entre Illusions perdues et Un orage immobile révèle des points communs évidents tels que le cadre angoumoisin, l’opposition structurante entre Paris et la province, et l’antithèse entre les deux personnages principaux. Françoise Sagan écrit ainsi une histoire des mœurs à la façon balzacienne.
520 ## - SUMMARY, ETC.
Summary, etc. Ever the avid reader, Françoise Sagan often insisted on her « elective affinities », notably Racine, Stendhal or Proust. It is more surprising to find a number of parallels between what some see as her minor work and La Comédie humaine. Sagan used several of Balzac’s techniques and themes such as cycles of novels, the chronotope of the salon or the disillusion that follows initiation onto the world’s stage. A comparative study of Illusions perdues and Un orage immobile illustrates some obvious common features such as the Angoulême setting, the structural opposition between Paris and the provinces and the antithesis between the two main characters. Just like Balzac, then, Françoise Sagan also wrote a moral and cultural history.
786 0# - DATA SOURCE ENTRY
Note L'Année balzacienne | 18 | 1 | 2018-01-08 | p. 527b-532b | 0084-6473
856 41 - ELECTRONIC LOCATION AND ACCESS
Uniform Resource Identifier <a href="https://shs.cairn.info/revue-l-annee-balzacienne-2017-1-page-527b?lang=fr&redirect-ssocas=7080">https://shs.cairn.info/revue-l-annee-balzacienne-2017-1-page-527b?lang=fr&redirect-ssocas=7080</a>

Pas d'exemplaire disponible.

PLUDOC

PLUDOC est la plateforme unique et centralisée de gestion des bibliothèques physiques et numériques de Guinée administré par le CEDUST. Elle est la plus grande base de données de ressources documentaires pour les Étudiants, Enseignants chercheurs et Chercheurs de Guinée.

Adresse

627 919 101/664 919 101

25 boulevard du commerce
Kaloum, Conakry, Guinée

Réseaux sociaux

Powered by Netsen Group @ 2025